00242nam a22000857a 4500020002200000245005900022260003900081300001500120700002100135 a978-981-10-2983-7 aIndian riversb: scientific and socio-economic aspects aSingapore bSpringerc2018  axxi, 551p. aSingh, Dhruv Sen